Anything but Mexico Quiz Stats

 Plays Quiz Updated Nov 26, 2015

Score 0/38 Timer 07:00
0 Plays Today
Hint Answer % Correct
Border GuatemalaHonduras
80.7%
Have a capital ending in 'City'Panama
80.5%
Border GuatemalaBelize
78.4%
Border GuatemalaEl Salvador
76.8%
Have a currency called PesoArgentina
72.7%
Are home to one of the New 7 Wonders of the WorldPeru (Machu Picchu)
72.3%
Have a capital ending in 'City'Guatemala
69.6%
Are home to one of the New 7 Wonders of the WorldBrazil (Christ the Redeemer)
69.3%
Have a currency called PesoChile
68.4%
Have an eagle on their flagEgypt
67.8%
Have a currency called PesoColombia
66.8%
Are home to one of the New 7 Wonders of the WorldChina (Great Wall of China)
66.8%
End in 'O'Togo
64.3%
End in 'O'Lesotho
64.2%
Have a capital ending in 'City'Vatican City
60.2%
Have a currency called PesoUruguay
60%
End in 'O'Morocco
58%
End in 'O'Kosovo
57.9%
End in 'O'Monaco
56.6%
Hint Answer % Correct
Have a capital ending in 'City'Kuwait
52.3%
End in 'O'Democratic Republic of the Congo
51.6%
Have a currency called PesoCuba
50.3%
End in 'O'Montenegro
49.4%
Are home to one of the New 7 Wonders of the WorldIndia (Taj Mahal)
49.3%
Have an eagle on their flagMontenegro
48.4%
End in 'O'Republic of the Congo
46.4%
End in 'O'Trinidad & Tobago
43.6%
Have a currency called PesoDominican Republic
42.5%
Are home to one of the New 7 Wonders of the WorldItaly (Colosseum)
42.1%
End in 'O'Burkina Faso
40%
Have an eagle on their flagAlbania
37.6%
End in 'O'San Marino
36.8%
Are home to one of the New 7 Wonders of the WorldJordan (Petra)
27.3%
Have a currency called PesoPhilippines
25.9%
Have an eagle on their flagSerbia
19.4%
Have an eagle on their flagMoldova
17.5%
Have an eagle on their flagKazakhstan
15.1%
Have an eagle on their flagZambia
11.1%

You're not logged in!

Compare scores with friends on all Sporcle quizzes.
OR
Log In

Sporcle TV

Today on Sporcle TV


Watch our educational content, quiz creation guides, and fun videos on Sporcle TV.

Show Comments

Extras

Top Quizzes Today


Score Distribution

Your Account Isn't Verified!

In order to create a playlist on Sporcle, you need to verify the email address you used during registration. Go to your Sporcle Settings to finish the process.

Report this User

Report this user for behavior that violates our Community Guidelines.

Details: